[Event "IECC O email"]
[Site "IECC email"]
[Date "2002.05.21"]
[Round "?"]
[White "Stoddard, Jefferson"]
[Black "Galos, Andras"]
[Result "0-1"]
[WhiteElo "1042"]
[BlackElo "1000"]
[PlyCount "46"]
[EventDate "2002.??.??"]
[EventType "tourn (corr)"]
[EventRounds "6"]
[SourceTitle "Corr 2008"]
[Source "ChessBase"]
[SourceDate "2008.06.24"]
[SourceVersion "1"]
[SourceVersionDate "2008.06.24"]
[SourceQuality "1"]

1. e4 Nc6 2. d3 e5 3. Nd2 d5 4. Ngf3 dxe4 5. Nxe4 Bg4 6. Be2 Bxf3 7. Bxf3 Nd4 8. Bg4 f5 9. Bh5+ g6 10. Be2 fxe4 11. 0-0 exd3 12. Bxd3 Bd6 13. Re1 Qf6 14. c3 Nf5 15. Bc4 0-0-0 16. Qb3 Bc5 17. a4 Bxf2+ 18. Kxf2 Nd4+ 19. Kg1 Nxb3 20. Bxb3 Qb6+ 21. Re3 Qxb3 22. a5 Qc2 23. a6 Rd1+ 0-1